Life insurance corporation of india : (Record no. 41136)

MARC details
000 -LEADER
fixed length control field 00952nam a22002417a 4500
005 - DATE AND TIME OF LATEST TRANSACTION
control field 2010081103483.0
010 ## - LCCN (DPL NO)
LC control number ENG-99624
020 ## - INTERNATIONAL STANDARD BOOK NUMBER
International Standard Book Number 9789380190129
Terms of availability 750.00
035 ## - SYSTEM CONTROL NUMBER
System control number EN-83156
037 ## - SOURCE OF ACQUISITION
Source of stock number/acquisition DBAD/PUB
082 ## - DEWEY DECIMAL CLASSIFICATION NUMBER
Classification number 332.672520954
100 ## - MAIN ENTRY--PERSONAL NAME
Personal name Sharma, Jagdish Prasad
245 ## - TITLE STATEMENT
Title Life insurance corporation of india :
Remainder of title marketing and bussiness /
Statement of responsibility, etc by Jagdish Prasad Sharma
260 ## - PUBLICATION, DISTRIBUTION, ETC. (IMPRINT)
Place of publication, distribution, etc New Delhi
Name of publisher, distributor, etc Satyam Publishing House
Date of publication, distribution, etc 2010
270 ## - ADDRESS
Address N-3/25, Mohan Garden, Uttam Nagar
City New Delhi
Postal code 110059
300 ## - PHYSICAL DESCRIPTION
Extent 216p.
Dimensions 22cm (Hb)
500 ## - GENERAL NOTE
General note Includes Bibliographical references
650 ## - SUBJECT ADDED ENTRY--TOPICAL TERM
Topical term or geographic name as entry element Insurance companies
650 ## - SUBJECT ADDED ENTRY--TOPICAL TERM
Topical term or geographic name as entry element L. I. C. of India
700 ## - ADDED ENTRY--PERSONAL NAME
Personal name Sharma, Jagdish Prasad
9 (RLIN) 11268
942 ## - ADDED ENTRY ELEMENTS (KOHA)
Source of classification or shelving scheme Dewey Decimal Classification
Item type English Books
Classification part 332.672520954
Call number suffix SHA
Holdings
Withdrawn status Lost status Not for loan Collection code Home library Current library Date acquired Source of acquisition Cost, normal purchase price Full call number Barcode Copy number Cost, replacement price Koha item type
    Not For Loan Non-fiction D.B.Act.Division D.B.Act.Division 11/08/2010 DBAD/PUB 750.00 332.672520954 SHA EN-83156 1 750.00 English Books

© Delhi Public Library
Hit Counter
free hit counter